University Home | Library Home | Institutional Repository

Community ear and hearing health. (Record no. 50946)

MARC details
000 -LEADER
fixed length control field 00545cam a2200169 4500
008 - FIXED-LENGTH DATA ELEMENTS--GENERAL INFORMATION
fixed length control field 170908n 000 0 eng u
022 ## - INTERNATIONAL STANDARD SERIAL NUMBER
International Standard Serial Number 1743-9914
035 ## - SYSTEM CONTROL NUMBER
System control number (Sirsi) a204527
050 ## - LIBRARY OF CONGRESS CALL NUMBER
Classification number RF286 com 2016
245 ## - TITLE STATEMENT
Title Community ear and hearing health.
260 ## - PUBLICATION, DISTRIBUTION, ETC.
Place of publication, distribution, etc. Edinburgh :
Name of publisher, distributor, etc. ICTHES World Care
Date of publication, distribution, etc. 2016
310 ## - CURRENT PUBLICATION FREQUENCY
Current publication frequency irregular
362 ## - DATES OF PUBLICATION AND/OR SEQUENTIAL DESIGNATION
Dates of publication and/or sequential designation Vol. 13, No. 17, 2016
520 ## - SUMMARY, ETC.
Summary, etc. contains information aimed at Increasing community awareness of ear and hearing health in primary health care
650 ## - SUBJECT ADDED ENTRY--TOPICAL TERM
Topical term or geographic name entry element Hearing Disorders.
780 ## - PRECEDING ENTRY
Main entry heading

No items available.

© 2026 - The University of Zambia Library - Koha v25.11